000 01167nam0a22002531 4500
001 rc\842336
005 20041129092318.4
035 _a(NLR Aleph) 006023606
090 _a7453903
_c7453903
100 _a20041129d1983 u |0rusy50 ca
101 0 _arus
102 _aRU
105 _aa |||||||||
200 1 _aМетодические рекомендации по прогнозированию танталового оруденения редкометально-гранитового типа
_fАН СССР, Ин-т минералогии, геохимии и кристаллохимии редких элементов
_g[Сост. С.М. Бескин и др.]
210 _aМ.
_cИМГРЭ
_d1983
215 _a82 с.
_cил.
_d20
320 _aБиблиогр.: с. 77-81 (52 назв.)
702 1 _aБескин
_bС. М.
_gСемен Матвеевич
_4220
712 0 2 _aИнститут минералогии, геохимии и кристаллохимии редких элементов
_cМосква
_3RU\NLR\AUTH\8810021717
801 0 _aRU
_bNLR
_gpsbo
801 1 _aRU
_bELAR
_2rusmarc
852 _aNLR
_j84-4/23148
942 _cBOOK
980 _aNB